IELTS EXPRESS (Record no. 8534)
[ view plain ]
| 000 -LEADER | |
|---|---|
| fixed length control field | 00207nam a22001097a 4500 |
| 040 ## - CATALOGING SOURCE | |
| Transcribing agency | SK |
| 082 ## - DEWEY DECIMAL CLASSIFICATION NUMBER | |
| Classification number | 428 |
| 100 ## - MAIN ENTRY--AUTHOR NAME | |
| Personal name | RICHARD HALLOWS |
| 245 ## - TITLE STATEMENT | |
| Title | IELTS EXPRESS |
| 260 ## - PUBLICATION, DISTRIBUTION, ETC. (IMPRINT) | |
| Place of publication | USTRALIA |
| Name of publisher | RIC |
| Year of publication | NA |
| 942 ## - ADDED ENTRY ELEMENTS (KOHA) | |
| Koha item type | សៀវភៅភាសាអង់គ្លេស |
| 952 ## - LOCATION AND ITEM INFORMATION (KOHA) | |
| Withdrawn status [LOCAL, KOHA] | 0 |
| 952 ## - LOCATION AND ITEM INFORMATION (KOHA) | |
| Withdrawn status [LOCAL, KOHA] | 0 |
| Permanent Location | Date acquired | Koha item type | Lost status | Shelving location | Barcode | Current Location | Full call number |
|---|---|---|---|---|---|---|---|
| Library Block C | 2016-08-03 | សៀវភៅភាសាអង់គ្លេស | C185 | RUA045068 | Library Block C | 428 RIC NA C185 | |
| Library Block C | 2016-08-03 | សៀវភៅភាសាអង់គ្លេស | C185 | RUA045304 | Library Block C | 428 RIC NA C185 |